El florilegio/ (Record no. 14636)

MARC details
000 -LEADER
campo de control de longitud fija 01078aam a2200337 i 4500
001 - NÚMERO DE CONTROL
campo de control MOR01000014649
005 - FECHA Y HORA DE LA ÚLTIMA TRANSACCIÓN
campo de control 20260331054634.0
007 - CAMPO FIJO DE DESCRIPCIÓN FÍSICA--INFORMACIÓN GENERAL
campo de control de longitud fija ta
008 - DATOS DE LONGITUD FIJA--INFORMACIÓN GENERAL
campo de control de longitud fija 880316s1904 fr a g i 000 1dspa d
035 ## - NÚMERO DE CONTROL DEL SISTEMA
Número de control de sistema 881585
040 ## - FUENTE DE CATALOGACIÓN
Centro catalogador/agencia de origen mxcmmo
Lengua de catalogación spa
Normas de descripción rda
Centro/agencia transcriptor mxcmmo
041 0# - CÓDIGO DE IDIOMA
Código de lengua del texto/banda sonora o título independiente spa
082 04 - NÚMERO DE LA CLASIFICACIÓN DECIMAL DEWEY
Número de clasificación M861.4
Número de ítem TAB.f
100 1# - ENTRADA PRINCIPAL--NOMBRE DE PERSONA
Nombre de persona Tablada, José Juan
Fechas asociadas al nombre 1871-1945
Término indicativo de función/relación autor
9 (RLIN) 12524
240 #0 - TÍTULO UNIFORME
Título uniforme Florilegio
Fecha de publicación/de la obra 1904
245 13 - MENCIÓN DEL TÍTULO
Título El florilegio/
Mención de responsabilidad, etc. José Juan Tablada ; [pról.] Jesús E. Valenzuela
264 #1 - PRODUCCIÓN, PUBLICACIÓN, DISTRIBUCIÓN, FABRICACIÓN Y COPYRIGHT
Producción, publicación, distribución, fabricación y copyright París
-- México :
Nombre del de productor, editor, distribuidor, fabricante Vda. de Ch. Bouret,
Fecha de producción, publicación, distribución, fabricación o copyright 1904.
300 ## - DESCRIPCIÓN FÍSICA
Extensión xvi, 203 páginas:
Otras características físicas ilustraciones;
Dimensiones 18 cm
336 ## - TIPO DE CONTENIDO
Término de tipo de contenido texto
Código de tipo de contenido txt
Fuente rdacontent
337 ## - TIPO DE MEDIO
Nombre/término del tipo de medio sin medio
Código del tipo de medio n
Fuente rdamedia
338 ## - TIPO DE SOPORTE
Nombre/término del tipo de soporte volumen
Código del tipo de soporte nc
Fuente rdacarrier
700 1# - ENTRADA AGREGADA--NOMBRE PERSONAL
Nombre de persona Valenzuela, Jesus E.
Término indicativo de función/relación prologuista
9 (RLIN) 29439
900 ## - ELEMENTOS DE DATOS A LOCAL, LDA (RLIN)
Nombre de persona ALEPH14
Numeración 10
Títulos y otros términos asociados al nombre 20061103
Lenguaje de la obra MOR01
-- 1041
900 ## - ELEMENTOS DE DATOS A LOCAL, LDA (RLIN)
Nombre de persona BATCH-UPD
Numeración 00
Títulos y otros términos asociados al nombre 20120323
Lenguaje de la obra MOR01
-- 1731
900 ## - ELEMENTOS DE DATOS A LOCAL, LDA (RLIN)
Nombre de persona BATCH-UPD
Numeración 10
Títulos y otros términos asociados al nombre 20120321
Lenguaje de la obra MOR01
-- 1646
900 ## - ELEMENTOS DE DATOS A LOCAL, LDA (RLIN)
Nombre de persona BATCH
Numeración 00
Títulos y otros términos asociados al nombre 20120322
Lenguaje de la obra MOR01
-- 1710
900 ## - ELEMENTOS DE DATOS A LOCAL, LDA (RLIN)
Nombre de persona DYNIX
Numeración 00
Títulos y otros términos asociados al nombre 20030304
Lenguaje de la obra MOR01
-- 1716
904 ## - ELEMENTOS DE DATOS D LOCAL, LDD (RLIN)
a UPDATE
942 ## - ELEMENTOS DE ENTRADA SECUNDARIOS (KOHA)
Código de la institución [OBSOLETO] BK
901 ## - ELEMENTOS DE DATOS A LOCAL LDA (RLIN)
a batch batch
Holdings
Estatus retirado Estado de pérdida Fuente del sistema de clasificación o colocación Estado de daño Restricciones de uso No para préstamo Colección Biblioteca de origen Biblioteca actual Ubicación en estantería Fecha de adquisición Número de inventario Total de préstamos Signatura topográfica completa Código de barras Visto por última vez Precio de reemplazo Tipo de ítem Koha
    Clasificación Decimal Dewey   En sala   Fondo Antiguo Biblioteca Instituto Mora Biblioteca Instituto Mora En sala 21/06/1994 018686   (R)/M861.4 TAB.f 33291000545299 03/09/2024 03/09/2024 Libro